Statistics for Köppen climate classification - Humid Subtropical

Click here to take the quiz!

General Stats

  • This quiz has been taken 18 times
  • The average score is 35 of 43

Answer Stats

Country% Correct
Brazil
100%
United States
100%
China
94%
India
94%
Japan
94%
Mexico
94%
Argentina
88%
Australia
88%
Bolivia
88%
Croatia
88%
Italy
88%
Madagascar
88%
Paraguay
88%
Peru
88%
Serbia
88%
South Korea
88%
Turkey
88%
Uruguay
88%
Vietnam
88%
Azerbaijan
81%
Democratic Republic of the Congo
81%
Greece
81%
Mozambique
81%
Russia
81%
South Africa
81%
Zambia
81%
Zimbabwe
81%
Angola
75%
Bangladesh
75%
Bulgaria
75%
Cambodia
75%
Georgia
75%
Nepal
75%
Pakistan
75%
Romania
75%
Eswatini
69%
Ethiopia
69%
Montenegro
69%
Myanmar
69%
North Macedonia
69%
Taiwan
69%
Tanzania
69%
Bhutan
63%

Score Distribution

Percentile by Number Answered

Percent of People with Each Score

Your Score History

You have not taken this quiz